[Event "FRA-ch U18"]
[Site "Gonfreville"]
[Date "2016.??.??"]
[Round "8"]
[White "Micheli, Paul"]
[Black "Chenevat, Ruben"]
[Result "0-1"]
[WhiteElo "1794"]
[BlackElo "2029"]
[PlyCount "122"]
[EventDate "2016.04.22"]
[EventType "swiss"]
[EventRounds "9"]
[EventCountry "FRA"]
[SourceTitle "EXT 2019"]
[Source "ChessBase"]
[SourceDate "2018.10.10"]
[SourceVersion "1"]
[SourceVersionDate "2018.10.10"]
[SourceQuality "1"]

1. e4 c5 2. Nf3 d6 3. d4 cxd4 4. Nxd4 Nf6 5. Nc3 a6 6. Be2 e6 7. Be3 b5 8. a3 Bb7 9. f3 Qc7 10. Qd2 Nbd7 11. g4 Ne5 12. g5 Nfd7 13. 0-0-0 Rc8 14. Nb3 Nb6 15. Na5 Nbc4 16. Nxc4 Nxc4 17. Bxc4 Qxc4 18. Kb1 Be7 19. Bd4 e5 20. Bxe5 0-0 21. Bd4 d5 22. exd5 Bxd5 23. Rhf1 Be6 24. h4 b4 25. axb4 Bxb4 26. Qe2 Bxc3 27. Qxc4 Bxc4 28. Bxc3 Bxf1 29. Rxf1 Rc6 30. f4 f5 31. Re1 Kf7 32. Re5 g6 33. Rd5 Ke6 34. Re5+ Kd7 35. Rd5+ Kc8 36. Re5 Rf7 37. Bd4 Kd7 38. c3 Re6 39. Rd5+ Kc6 40. Ra5 Kb7 41. Re5 Rxe5 42. Bxe5 Kc6 43. Kc2 a5 44. b3 Ra7 45. Bd4 Ra8 46. Be5 a4 47. bxa4 Rxa4 48. Kd3 Ra2 49. Kd4 Rh2 50. Bb8 Rxh4 51. Ke5 Rh3 52. Kf6 Rxc3 53. Kg7 Rh3 54. Be5 Kd5 55. Bc7 Ke6 56. Be5 Rb3 57. Bf6 Rb7+ 58. Kg8 Kd5 59. Bg7 Ke4 60. Kxh7 Kxf4 61. Kxg6 Rxg7+ 0-1